[Event "EU-ch 13th"]
[Site "Plovdiv"]
[Date "2012.03.29"]
[Round "9"]
[White "Jones, Gawain C B"]
[Black "Volokitin, Andrei"]
[Result "1/2-1/2"]
[WhiteElo "2635"]
[BlackElo "2695"]
[Annotator "Likavsky,T"]
[PlyCount "165"]
[EventDate "2012.03.20"]
[EventType "swiss"]
[EventRounds "11"]
[EventCountry "BUL"]
[SourceTitle "CBM 148"]
[Source "ChessBase"]
[SourceDate "2012.05.16"]
[SourceVersion "1"]
[SourceVersionDate "2012.05.16"]
[SourceQuality "1"]

1. d4 Nf6 2. c4 e6 3. Nc3 Bb4 4. Qc2 O-O {Is the Nimzo-Indian still half dead?
You could easily have such an opinion, because Black used to succeed well
during the last few years. White has tried many lines. 5.e4 is just one of
them ... and nothing is new - Black is ok!} 5. e4 d5 6. e5 Ne4 7. Bd3 c5 8. Nf3
cxd4 9. Nxd4 Nc5 $1 {Take the the pawn now! But like Andrei (or Arnie): I'll
be back - in the centre!} ({The main move was a certain} 9... Nd7 {after which
White has had some victories, e.g.:} 10. Bf4 Ndc5 11. O-O Nxd3 12. Qxd3 Bxc3
13. bxc3 b6 14. cxd5 Qxd5 15. Rfd1 Bb7 16. c4 Qa5 17. f3 Nc5 18. Qe3 Qa4 19.
Bg5 Qxc4 20. Ne2 Ba6 21. Nf4 Rac8 22. Rd4 Qc2 23. Nh5 Qe2 24. Qxe2 Bxe2 25. Be7
f5 26. exf6 Rf7 27. Nxg7 {1-0 Mamedyarov,S (2765)-Ganguly,S (2627)/Ningbo 2011/
CBM 144}) 10. Bxh7+ Kh8 11. Nf3 (11. Bd3 $4 dxc4 {[%csl Rd3,Rd4]}) (11. O-O Qh4
$1 12. Ncb5 Qxh7 13. Nc7 Nc6 14. Qxh7+ Kxh7 15. Nxc6 bxc6 16. Nxa8 Na6 $17 {
[%csl Ra8]}) (11. Be3 dxc4 12. O-O Qh4 (12... Nbd7 $5) 13. Ncb5 Qxh7 {also
looks at least ok for Black.}) 11... d4 $1 $146 {[%mdl 8]} (11... dxc4 $143 12.
O-O Nd3 13. Be4 Nc6 14. Rd1 Be7 15. Qe2 Nxc1 16. Raxc1 Qa5 17. Bb1 g6 18. h4
Kg7 19. h5 Rh8 20. hxg6 f6 21. exf6+ Bxf6 22. Ne4 Qh5 23. Ng3 Qh6 24. Qxc4 {
1-0 Li,C (2646)-Ni Hua (2646)/Xinghua Jiangsu 2011/CBM 142}) 12. Bg5 $1 {
[%cal Ga1d1,Ye1c1]} ({I had watched this other game of Andrei (I was playing a
few tables away from him), but never thought I would write about it...} 12. O-O
$2 d3 $1 {[%csl Gd3,Rh7][%cal Rc2h7]} 13. Qd1 d2 $1 {[%csl Gd2,Rh7][%cal Rc1g5,
Rf3g5,Gd8g5] 0-1 Baramidze,D (2607)-Volokitin,A (2695)/Austria 2012/CB16_2012 
(14)} (13... Kxh7 $4 14. Ng5+ {[%cal Gd1g4,Gd1h5]})) 12... f6 $1 (12... dxc3
$143 13. bxc3 f6 14. cxb4 (14. exf6 $5) 14... fxg5 15. bxc5 $16) (12... d3 $2
13. Bxd8 dxc2 14. Be7 Re8 15. Bxc5 $16) (12... Qc7 $143 13. a3 Ba5 14. b4 $16)
13. exf6 $2 {Giving g7 to the black king and f6 to the black queen.} (13. O-O-O
$142 fxg5 14. Rxd4 $13 {with a very very complicated - possibly equal position,
e.g.:} Bd7 (14... Nbd7 15. Qg6 Qe8 16. Nxg5 Nxe5 17. Rh4 Nxg6 18. Bxg6+ Kg8 19.
Bh7+ $11) 15. Qg6 (15. h4 $5 Bxc3 (15... g4 $5) 16. bxc3 (16. hxg5 Bxd4 17.
Bg6+ Kg8 18. Qd1 Nd3+ 19. Kb1 Rf7 20. Rh8+ Kxh8 21. Bxf7 Nxf2 22. Qxd4 g6 23.
Qh4+ Kg7 24. Qh6+ Kxf7 25. Qh7+ $11) 16... Nc6 (16... g4 $5 17. Rxg4 $13) 17.
hxg5 Nxd4 18. cxd4 Rxf3 19. gxf3 Qxg5+ $11) 15... Qe8 16. Nxg5 Qxg6 17. Bxg6
Bxc3 18. Rh4+ Kg8 19. Bh7+ Kh8 20. Bg6+ $11) (13. Rd1 $5) 13... gxf6 $17 14.
Bf4 $6 (14. O-O-O fxg5 $17) 14... d3 $19 (14... dxc3 $6 15. bxc3 Ba5 16. Rd1
$17) 15. Qd1 Kxh7 16. O-O (16. Ne5 Qe8 17. Nxd3 Bxc3+ 18. bxc3 Nxd3+ 19. Qxd3+
Qg6 $19) 16... Nc6 $2 {Unnecessary difficulties in a winning position.} (16...
Bxc3 $142 17. bxc3 Rh8 $19) 17. Nh4 $17 {[%cal Gd1h5]} Qe8 {[%cal Ge8h5]} (
17... Rf7 18. Qh5+ Kg8 19. Bh6 $132) {A pretty mess all the time but after
some inaccuracies by both players Black will get a much better endgame.} 18.
Nb5 {[%cal Gb5d6,Gb5c7]} (18. Bd6 $1 Rg8 19. Nb5 $15) 18... e5 19. Nd6 Qd7 20.
Nhf5 Kh8 $1 (20... exf4 21. Qh5+ Kg8 22. Qg6+ Kh8 23. Qh6+ Kg8 24. Qg6+ $11)
21. Bh6 Rf7 $2 (21... Qh7 22. Nxc8 Qxf5 $15) 22. a3 Ne4 23. Qh5 Rh7 24. axb4
Nxd6 25. Nxd6 Ne7 26. Bg7+ $6 {Is White playing for a win? This is not a good
way if he really is...!} (26. c5 {[%cal Gf2f4,Ga1e1]} Ng8 27. Qg6 $1 Nxh6 28.
Qxf6+ Qg7 29. Qd8+ Qg8 30. Qf6+ Qg7 31. Qd8+ Qg8 32. Qf6+ Qg7 $11) (26. Ne8 $5
Qf5 27. Bg7+ Kg8 28. Nxf6+ Kxg7 29. Qxh7+ Qxh7 30. Nxh7 Kxh7 $44 {[%csl Yd3]
[%cal Gc8f5]}) 26... Kxg7 27. Qf7+ $6 ({Still not too late for} 27. Ne8+ Kh8 (
27... Kf8 28. Qxh7 Kxe8 29. Qh8+ Kf7 30. Qh7+ Kf8 31. Qh6+ Kf7 (31... Kg8 $2
32. Qxf6) 32. Qh7+ $11) 28. Qxh7+ Kxh7 29. Nxf6+ Kg7 30. Nxd7 Bxd7 $36 {
[%csl Yd3][%cal Gd7f5] and White can continue without great fear despite the
trumps of Black.}) 27... Kh6 28. Qxf6+ Ng6 29. f4 Qe7 30. fxe5 Qxf6 $1 31. exf6
(31. Rxf6 Re7 $17) 31... Bg4 $17 32. Rf2 Rd7 33. c5 Ne5 34. Kf1 Nf7 35. Nc4 (
35. Nxf7+ $5) 35... Re8 36. Rxa7 (36. Kg1 Rd4 37. b3 a6 $19) 36... Re4 37. Nd2
Rxb4 38. b3 Rc7 39. Ra4 Rxa4 40. bxa4 Rxc5 $19 {The game is over. White will
just save the draw after immense help from his opponent in the end.} 41. Rf4
Rf5 42. Rxf5 Bxf5 43. Kf2 Kg5 44. Ke3 Kxf6 45. g4 Bxg4 46. Kxd3 Ne5+ 47. Kc3
Ke6 48. Kb4 Kd5 49. Kb5 Nd7 50. Nb1 Kd4 51. h4 Be2+ 52. Kb4 Nf6 53. Nd2 Nd5+
54. Ka3 Ne3 (54... Bd1 55. Nb3+ Kc3 56. Nc5 Ne3 57. Nxb7 $2 Bb3 58. a5 Nc2#)
55. Kb4 Nc2+ 56. Kb3 Bd1 57. Nb1 Ne3+ 58. Kb4 Nd5+ 59. Ka3 Nc3 (59... Kd3 60.
Kb2 Bxa4 61. h5 $19) 60. Nd2 Bxa4 (60... Ne4 61. Nxe4 Kxe4 62. a5 Be2 $19) 61.
h5 Bc2 62. Nf3+ Kc4 63. Ne5+ Kd5 64. Ng4 Bf5 65. h6 Ke6 66. Kb4 Nd5+ 67. Kc5
b6+ 68. Kb5 Kd6 69. Kc4 Bg6 70. Kd4 Ne7 (70... b5 $142 $19) 71. Kc4 Nd5 72. Kd4
Nc7 $4 {A long game in a long tournament...} (72... b5 $142 73. Ne5 Ne7 $19)
73. Nf6 $11 Ne6+ 74. Kc4 $1 Kc6 (74... Ng5 75. Kb5 Kc7 76. Nd5+ $11) 75. h7 b5+
76. Kb4 Bxh7 77. Nxh7 Nc7 78. Nf6 Na6+ 79. Ka5 b4 80. Kxa6 b3 81. Ne4 b2 82.
Nc3 b1=Q 83. Nxb1 1/2-1/2

[Event "EU-ch 12th"]
[Site "Aix les Bains"]
[Date "2011.03.31"]
[Round "9"]
[White "Yakovich, Yuri"]
[Black "Goganov, Aleksey"]
[Result "0-1"]
[WhiteElo "2546"]
[BlackElo "2469"]
[Annotator "Marchand,A/Primel,D"]
[PlyCount "70"]
[EventDate "2011.03.22"]
[EventType "swiss"]
[EventRounds "11"]
[EventCountry "FRA"]
[SourceTitle "CBM 142 Extra"]
[Source "ChessBase"]
[SourceDate "2011.06.27"]
[SourceVersion "1"]
[SourceVersionDate "2011.06.27"]
[SourceQuality "1"]
[TimeControl "40/5400+30:1800+30"]

1. d4 Nf6 2. c4 e6 3. Nc3 Bb4 4. Qc2 O-O 5. e4 d5 6. e5 Ne4 7. Bd3 (7. a3 Bxc3+
8. bxc3 c5 9. Bd3 (9. Bb2 {Un coup très laid mais relativement ... efficace
dans la pratique}) 9... Nc6 10. Ne2 cxd4 11. cxd4 Qa5+ (11... f6 12. O-O (12.
f3 $6 Qa5+ 13. Kf1 fxe5 $15) 12... fxe5 13. dxe5 Nxe5 14. Bxe4 dxe4 15. Qxe4
Nc6 16. Bb2 {[%csl Gb2]} Qb6 {Kekelidze,M (2454)-Arutinian,D (2576) GEO-ch KO
67th 2008 (2.3) 1/2} (16... e5 $5)) 12. Kf1 Nb4 (12... f6 {La grande ligne} 13.
Bxe4 dxe4 14. exf6 Rxf6 (14... Qf5) 15. Be3 (15. Qxe4 Qa4 $44) 15... b6 $1 16.
Qxe4 (16. g4 Bb7 17. Kg2 Raf8 $36) (16. g3 $6 Qf5 $1 {[%cal Gf5e4,Gf5h3]} 17.
Kg2 Qf3+) 16... Bb7 (16... Qa4 $5 {[%cal Ga4c6,Ga4c4]})) 13. axb4 Qxa1 14. f3
f5 {[%cal Gf8f1]} (14... Bd7 $5 $146 {Une tentative intéressante d'essai
d'amélioration de la ligne f5 pour essayer de profiter du vis-à-vis R et Kf1}
15. Qb1 {Par rapport а la ligne principale f5, les Noirs ont développé une
pièce supplémentaire} (15. fxe4 dxc4 $1 16. Qb1 (16. Bxc4 $2 Rac8 {[%cal Gb7b5]
}) 16... Qa6 $1 {[%cal Ga6c4,Ga6f1] La pointe de la variante} 17. Bc2 f6 {
[%csl Rf1]} 18. exf6 Rxf6+ 19. Ke1 {[%cal Gh1f1]} Ba4 $5 (19... Raf8 20. e5 {
[%cal Gc2h7]} Rf2 21. Bxh7+ Kh8 22. Be3 $14) 20. Rf1 (20. Bxa4 Qxa4 21. Nc3 Qe8
22. Rf1 Qf7 (22... Rxf1+ 23. Kxf1 Qg6) 23. Rxf6 Qxf6 24. Be3 Rf8 25. Kd2 $13)
20... Rxf1+ 21. Kxf1 Rf8+ 22. Kg1 c3 $1 $40 {[%csl Re2,Rf1][%cal Ga6f1]}) (15.
c5 $6 {Evite le coup intermédiaire dc4 mais c'est trop lent et les noirs ont
un temps de plus par rapport а la ligne principale f5} f5)) 15. Qb1 {
Shariyazdanov,A (2562)-Rashkovsky,N (2511) Oberwart op 2002 (8) 1-0}) 7... c5
8. Nge2 cxd4 9. Nxd4 Nc5 $5 {[%csl Rd4,Re1][%cal Gd8h4,Gh4d4,Gh4h7] Trés peu
joué mais les Noirs ont des compensations et cette idée commence a connu un
succés grandissant en 2011 et 2012.} (9... Nd7 {[%cal Gd7c5,Gc5d3,Gd7e5] La
grande ligne} 10. Bf4 Ndc5 {[%cal Gc5e4,Gc5d3]} (10... Qh4 11. g3 Qh5) 11. O-O
Nxd3 (11... Bxc3 12. bxc3 Bd7 $1 {[%csl Ga4]} 13. Be2 Na4 {[%csl Rc3]} 14. cxd5
exd5 15. c4 Rc8 16. Rab1 Nb6 {Sarkar,J (2385)-Gelashvili,T (2611) World op
39th 2011 (2) 0-1} (16... Nac3 17. Rxb7 dxc4 18. Rxa7 Ba4 $1 $36 {Les pièces
Noires sont très dynamiques})) 12. Qxd3 Nxc3 13. bxc3 Be7 14. Rad1 Qa5 15. cxd5
exd5 16. Qg3 Re8 17. Rd3 Bd7 18. Re3 Bf8 19. Qh4 Rac8 20. Rg3 Qxa2 21. Bh6 Kh8
22. Qg5 g6 23. Bxf8 Rxf8 24. h4 {Morozevich,A (2755)-Leko,P (2755)/Moscow 2007/
1-0 (36)}) (9... dxc4 10. Bxe4 Qxd4 11. Bf4 (11. Bxh7+ Kh8 12. Be4 Qxe5 $132)
11... h6 12. O-O Bxc3 13. Rad1 $1 {Kuljasevic,D (2464)-Savic,M (2536) Zupanja
op-A 2nd 2008 (7) 1-0}) 10. Bxh7+ (10. O-O Nxd3 11. Qxd3 Nc6 $11 {Miron,L 
(2501)-Rajkovic,D (2411) Tivat Vukmanovic Memorial op 2011 (8) 1/2}) 10... Kh8
11. Be3 (11. Nf3 dxc4 (11... d4 $5 12. Bg5 f6 $1 (12... dxc3 $6 13. Bxd8 (13.
bxc3 $1 {Hélas, les Blancs ne sont pas forcés de prendre la Qd8} Qa5 14. cxb4)
13... cxb2+ 14. Ke2 bxa1=Q 15. Rxa1 Rxd8) (12... Qc7 13. a3 Ba5 (13... Nc6 14.
axb4 Nxb4) 14. b4 dxc3 15. O-O Nc6 16. Rfe1 $32 {[%csl Ra8,Rc8][%cal Gb4c5,
Ge1e4,Ge4h4]}) (12... Qa5 $2 13. Nxd4) 13. exf6 gxf6 14. O-O-O Qe7) 12. O-O Nd3
13. Be4 Nc6 14. Rd1 Be7 15. Qe2 Nxc1 16. Raxc1 Qa5 17. Bb1 g6 18. h4 Kg7 19. h5
Rh8 20. hxg6 f6 21. exf6+ Bxf6 22. Ne4 Qh5 23. Ng3 Qh6 24. Qxc4 {1-0 Li,C 
(2646)-Ni Hua (2646)/Xinghua Jiangsu 2011}) (11. O-O $6 Qh4 {[%csl Rd4,Gh4,Rh7]
} 12. Ndb5 (12. Ncb5 $8 Qxh7 (12... Nbd7 13. cxd5) 13. Qxh7+ Kxh7 14. Nc7 Nba6
15. Nxa8 dxc4 16. Be3 $1 Bd7 17. Nc7 Nxc7 18. Nc2 {Un sauvetage miraculeux
mais très difficile à jouer devant l'échiquier}) 12... Nbd7) 11... dxc4 $1 {
[%csl Gd3][%cal Gc5d3] Les Noirs obtiennent une case forte pour le N} 12. Be4
$6 $146 (12. h4 Nbd7 13. O-O-O Nxe5 14. Nxe6 Ncd3+ 15. Bxd3 Nxd3+ 16. Qxd3 (16.
Rxd3 cxd3) 16... Bxe6 17. Qe4 Qa5 $132 {[%csl Gb4,Rc1,Ge6,Rh8]}) (12. O-O-O
Nbd7 $13 (12... Qh4)) (12. O-O $6 Qh4 13. Ncb5 {[%cal Gb5c7]} Qxh7 14. Qxh7+
Kxh7 15. Nc7 Nba6 16. Nxa8 Nd3 $15) 12... Qh4 $1 {[%csl Re4] Gagne un tempo
important pour dévier le B du contrôle de la case "d3"} (12... Bxc3+ 13. bxc3
Qh4 $1 {[%csl Re4][%cal Gc5d3]}) 13. Bf3 (13. O-O-O $13) 13... Nd3+ $36 {
[%csl Gd3]} 14. Kf1 Nd7 (14... Nxe5 15. g3 Qh7 16. Qxh7+ Kxh7 17. Kg2 Nbd7 18.
Rad1 Nxf3 (18... Nc5 19. Nc2) 19. Nxf3) 15. g3 Qd8 16. Bg2 $6 {[%csl Rf1]} (16.
Kg2 {Les Blancs sont en retard de développement} N7xe5) 16... N7xe5 $40 {
[%csl Gd3,Ge5]} 17. Qe2 (17. f4 $2 {Il est difficile pour les Blancs de
déloger les N centraux} Ng4) 17... f5 18. h3 Qa5 19. Nc2 Bc5 20. Rb1 Bxe3 (
20... Rd8 $5 {[%cal Gd8d3]}) 21. Nxe3 Qc5 22. f4 Nc6 (22... Bd7 $1 {[%csl Rf1]}
23. fxe5 f4 {[%csl Re3,Rf1,Gf8][%cal Gf8f1]} 24. Bxb7 Rab8 $19) 23. b3 cxb3 $1
24. Qxd3 Rd8 25. Qe2 Qxc3 {[%cal Gc6d4]} 26. Rxb3 Qc5 27. Kf2 Nd4 28. Qh5+ Kg8
$13 29. Rd1 Bd7 $1 30. Rxb7 Rab8 31. Rxb8 {La dernière faute} (31. Rdb1 $8)
31... Rxb8 {[%cal Gb8b2]} 32. Rd2 Qc3 33. Nf1 Rb1 34. Rd1 Qc2+ 35. Ke1 Qxg2 0-1

[Event "EU-ch 12th"]
[Site "Aix les Bains"]
[Date "2011.03.31"]
[Round "9"]
[White "Flear, Glenn C"]
[Black "Vuilleumier, Alexandre"]
[Result "0-1"]
[WhiteElo "2498"]
[BlackElo "2369"]
[Annotator "Marchand,A/Primel,D"]
[PlyCount "138"]
[EventDate "2011.03.22"]
[EventType "swiss"]
[EventRounds "11"]
[EventCountry "FRA"]
[SourceTitle "CBM 142 Extra"]
[Source "ChessBase"]
[SourceDate "2011.06.27"]
[SourceVersion "1"]
[SourceVersionDate "2011.06.27"]
[SourceQuality "1"]
[TimeControl "40/5400+30:1800+30"]

1. d4 Nf6 2. c4 e6 3. Nc3 Bb4 4. Qc2 O-O 5. a3 Bxc3+ 6. Qxc3 b6 7. Bg5 Bb7 8.
e3 (8. f3 {[%cal Ge2e4]} h6 9. Bh4 d5 10. e3 (10. cxd5 exd5 11. Bxf6 Qxf6 12.
Qxc7 Ba6 $32)) 8... d6 (8... h6 9. Bh4 d6 10. f3 Nbd7 11. Bd3 e5) 9. Ne2 {
[%cal Gc3c2,Ge2c3,Ge1c1] Une ligne récente un peu lente} (9. f3 {La grande
ligne}) 9... Nbd7 (9... h6 $5 {Dans une partie de N II jouée il y a quelques
années, j'avais choisi cette ligne secondaire solide} 10. Bh4 Nbd7 11. Qd3 c5
12. Rd1 $6 (12. Nc3 $142 Qe7 13. Rd1 Rfd8 14. d5 Ne5 15. Qc2 Ng6 $11) 12... Qc7
13. dxc5 dxc5 14. Nc3 Rad8 15. Nb5 Qb8 16. Bg3 Qa8 17. Bc7 Bxg2 $15 {Colson,A 
(2202)-Primel,D (2072) FRA-chT2 West 0607 2006 (9.5) 1/2}) 10. Qd3 (10. Qc2 {
[%cal Ge2c3,Gf1d3]} c5 {[%cal Ga8c8] C'est l'inconvénient du choix Qc2 par
rapport а Qd3 car après c7c5 et Rc8, le ooo thématique serait risqué} 11. Rd1 {
[%cal Gd1d8]} Qc7 $11) 10... Re8 (10... a5 $5 {[%cal Ga5a4,Ga8a5,Ga5g5] Un
nouveau plan intéressant pour gagner un tempo sur le Bg5} 11. Nc3 a4 12. Qc2 (
12. f3 Ra5) 12... Ra5 $132 {[%cal Ga5g5]} 13. Bxf6 (13. Bh4 Qa8 $132 {[%csl
Rg2] Un coup multifonction pour déclouer la Q tout en faisant pression sur "g2"
}) 13... Nxf6 14. Nxa4 Be4 $1 {Un joli coup intermédiaire} 15. Qd1 {[%csl Rd1]}
Qa8 {Nakamura,H (2565)-Milov,V (2574) Santo Domingo op 2003 (5) 0-1}) 11. Nc3 {
87} Qe7 {88} (11... h6 12. Bh4 Nf8 13. O-O-O Ng6 14. Bg3 Nh5 $11 (14... a5))
12. e4 (12. Be2) (12. f3 e5) 12... h6 13. Bh4 e5 14. d5 Nf8 {[%csl Rh4][%cal
Gf8g6]} (14... a5 {[%cal Ga5a4,Gd7c5]}) 15. f3 Ng6 16. Bf2 {Comme souvent les
Blancs ont une meilleure structure et des bonnes perspectives а long-terme
mais ils n'ont pas terminé le développement.} Nd7 17. g3 (17. b4) 17... Nc5 18.
Qc2 {62} a5 {74 Les deux adversaires sont bien préparés et ils ont joué
rapidement l'ouverture.} 19. Be2 Bc8 $1 {[%cal Gc8d7,Ga5a4]} 20. h4 {[%cal
Ge1c1]} (20. O-O-O Bh3 $11 {[%csl Rh2]}) 20... Bd7 21. O-O-O a4 22. Kb1 Qf8 (
22... Nb3 23. h5 Nf8 24. Rhg1 Nh7 (24... Nd4 $5 25. Bxd4 exd4 26. Rxd4 Qe5 {
[%csl Re2][%cal Ge5h5,Ge5d4]})) 23. f4 $5 (23. h5 {Plus solide} Ne7 24. f4)
23... exf4 24. h5 f3 $1 25. Bxf3 Ne5 $44 {[%csl Rc4,Ge5]} 26. Be2 Bg4 $5 {
Propose l'échange du mauvais B des Blancs mais en contre-partie, il sera
difficile de défendre la faiblesse "c4"} 27. Rh4 Bxe2 28. Nxe2 Nf3 29. Rf4 Ng5
30. Nc3 Nh3 31. Rh4 Nxf2 $1 {Les Blancs ont perdu le bénéfice de la paire de B
et la structure noire est maintenant nettement meilleure} 32. Qxf2 Re5 $17 33.
Qf3 Qe7 34. Rf4 Re8 35. Re1 Qd7 36. g4 R8e7 37. Ka2 Qe8 (37... Nb3 38. Nxa4 Nd2
39. Qd3 Qxa4 40. Qxd2 Qxc4+) 38. Re3 Qc8 39. Qe2 Qa6 40. Nb5 Nb3 41. Qc2 Qa5
42. Re2 Kf8 $3 {[%cal Gf8d8,Gd8c8,Gc8b7] Un joli plan de défense de la
faiblesse "c7"} 43. Kb1 Ke8 44. Qd3 Kd8 45. Kc2 Kc8 46. Nc3 Nc5 47. Qf3 f6 {
Les Blancs n'ont plus rien а l'aile-roi} 48. Qh1 Kb7 49. Nb5 Nb3 50. Qd1 Qa6
51. Qe1 Qa8 52. Re3 Qe8 53. Nc3 Nc5 54. Kb1 f5 $1 {Une fois que le K Noir a
trouvé refuge а l'aile-dame, le suisse peut se permettre le luxe de jouer sur
les deux ailes} 55. gxf5 Qxh5 {[%csl Gh6][%cal Gh6h1]} 56. Qf1 Qe8 57. Ka2 $2
$138 (57. Qg2) 57... Nxe4 58. Nxe4 Rxe4 59. Rexe4 Rxe4 60. f6 Rxf4 61. Qxf4 Qf7
62. fxg7 Qxf4 63. g8=Q Qxc4+ 64. Ka1 h5 65. Qe6 h4 66. Qf5 Qd4 67. Qf3 Qg1+ 68.
Ka2 Qg3 69. Qh5 h3 0-1